| 000 | 00501 a2200205 4500 | ||
|---|---|---|---|
| 005 | 20260305101110.0 | ||
| 008 | 260305b |||||||| |||| 00| 0 eng d | ||
| 020 |
_a9789363630116 _cRs. 995.00 |
||
| 040 | _aMAIN | ||
| 082 |
_a570.15195 _bR186B(4) |
||
| 100 | _aRastogi, Veer Bala | ||
| 245 | _aBiostatistics | ||
| 250 | _a4th | ||
| 260 |
_bMedTech Science Press _c2026 _aNew Delhi |
||
| 300 | _axvi, 485 | ||
| 650 | _aBiometry | ||
| 650 | _aLife Sciences | ||
| 650 | _aBiology | ||
| 942 | _cBK | ||
| 999 |
_c396798 _d396798 |
||